01141cam a22002894a 4500001000800000005001700008008004100025010001700066020002800083035002100111040001800132042000800150050002500158082001900183100003300202245011500235260003400350300003400384440004000418504006800458650005300526700002700579856008900606942001200695999001700707952012700724310223720080310091933.0990308s1999 nyua b 001 0 eng  a 99014737  a0387988238 (alk. paper) a(DLC) 99014737 aDLCcDLCdDLC apcc00aQA76.758b.S535 199900a005.1221bSIN1 aSingpurwalla, Nozer D.9582910aStatistical methods in software engineering :breliability and risk /cNozer D. Singpurwalla, Simon P. Wilson. aNew York :bSpringer,cc1999. axiv, 295 p. :bill. ;c24 cm. 0aSpringer series in statistics95830 aIncludes bibliographical references (p. [269]-282) and indexes. 0aSoftware engineeringvStatistical methods.958311 aWilson, Simon P.95832423Publisher descriptionuhttp://www.loc.gov/catdir/enhancements/fy0818/99014737-d.html 2ddccBB c11747d11747 00102ddc40708Alef-BaaaMAINbMAINcLOWd2009-06-07epurchaseg150.00l0o005.1 SINp000016165r2025-07-15 00:00:00yBB